[Event "Spring Time Tourney"]
[Site "SchemingMind.com"]
[Date "2019.06.23"]
[Round "-"]
[White "Shanks"]
[Black "Goz"]
[Result "0-1"]
[WhiteCountry "ENG"]
[BlackCountry "ENG"]
[WhiteElo "1287"]
[WhiteRD "70"]
[BlackElo "1578"]
[BlackRD "75"]
[GameID "442722"]

1. e4 c6 2. d4 d5 3. Nd2 e6 4. e5 Bb4 5. c3 Ba5 6. Ngf3 Ne7 7. Be2 O-O 8. O-O b5 9. b4 Bc7 10. a3 Nd7
11. Nb3 a5 12. bxa5 Bxa5 13. Nxa5 Rxa5 14. Bb2 Nb6 15. Bd3 Na4 16. Qc2 Nxb2 17. Qxb2 Qb6 18. Qc2 g6 19. Rfb1 f5 20. exf6 Rxf6
21. Ne5 Nf5 22. Ng4 Rf8 23. Ne5 Ra7 24. Nf3 h6 25. Ne5 Rf6 26. Ng4= Rf8 27. Ne5 Rb7 28. Nxg6 Rf6 29. Ne5 Rg7 30. Bf1 Nh4
31. Kh1 Qb7 32. Qd1 Rxf2 33. Ng4 Rf8 34. Rb2 Nf5 35. Re2 Rxg4 36. Rf2 Qg7 37. Raa2 Ne3 38. Rxf8+ Kxf8 39. Rf2+ Kg8 40. Qe2 Re4
41. g3 Nc4 42. Qa2 Qg4 43. Bg2 Re1+ 44. Rf1 Qd1 45. Qf2 Rxf1+ 46. Bxf1 Qb3 47. Qf6 Kh7 48. Bd3+ Kg8 49. Qd8+ Kg7 50. Qxc8 Qd1+
51. Kg2 Ne3+ 52. Kh3 Qg4#
0-1

[Event "Spring Time Tourney"]
[Site "SchemingMind.com"]
[Date "2019.06.23"]
[Round "-"]
[White "Goz"]
[Black "Shanks"]
[Result "1-0"]
[WhiteCountry "ENG"]
[BlackCountry "ENG"]
[WhiteElo "1619"]
[WhiteRD "77"]
[BlackElo "1288"]
[BlackRD "71"]
[GameID "442723"]

1. e4 c6 2. d4 d5 3. Nd2 e6 4. e5 a6 5. Nb3 b6 6. Nf3 h6 7. Bd3 Bb7 8. O-O Nd7 9. Bf4 Ne7 10. c4 Qc7
11. Qc2 dxc4 12. Bxc4 Ng6 13. Bg3 Ne7 14. Nh4 g5 15. Nf3 Nf5 16. Nfd2 Nxg3 17. fxg3 Bg7 18. Rf2 O-O 19. Raf1 b5 20. Be2 Nb6
21. Nc5 Bc8 22. h4 Nd5 23. Rf3 g4 24. Rd3 h5 25. a3 Ne7 26. Nde4 Bh6 27. Nf6+ Kg7 28. Nxh5+ Kh8 29. Bxg4 a5 30. Rdf3 Qd8
31. Rxf7 Rxf7 32. Rxf7 Qxd4+ 33. Kh2 Qxg4 34. Qh7#
1-0

[Event "Spring Time Tourney"]
[Site "SchemingMind.com"]
[Date "2019.06.30"]
[Round "-"]
[White "Shanks"]
[Black "Chessibelle"]
[Result "1-0"]
[WhiteCountry "ENG"]
[BlackCountry "ENG"]
[WhiteElo "1297"]
[WhiteRD "73"]
[BlackElo "1151"]
[BlackRD "56"]
[GameID "442990"]

1. e4 c6 2. d4 d5 3. Nd2 f5 4. e5 Be6 5. c3 g6 6. Ndf3 Bg7 7. Ng5 Bd7 8. e6 Bc8 9. Qe2 b5 10. Nf7 Qc7
11. Nxh8 Bxh8 12. Nf3 Nf6 13. Ng5 Ne4 14. Nxe4 Bxe6 15. Nc5 Qd6 16. Nxe6 Nd7 17. Ng5 Nb6 18. Nxh7 O-O-O 19. Ng5 Qf6 20. Nh3 Nc4
21. Nf4 Re8 22. Qe6+ Kb7 23. Qxf6 Bxf6 24. Nxg6 a6 25. Be2 a5 26. b3 Nb6 27. O-O b4 28. Nf4 Nd7 29. Ne6 Rg8 30. c4 Bh4
31. Bf3 Nb6 32. Nc5+ Kc7 33. cxd5 cxd5 34. Bf4+ Kc6 35. Rae1 Nc8 36. Re6+ Kb5 37. Be2#
1-0

[Event "Spring Time Tourney"]
[Site "SchemingMind.com"]
[Date "2019.06.30"]
[Round "-"]
[White "Chessibelle"]
[Black "Shanks"]
[Result "1-0"]
[WhiteCountry "ENG"]
[BlackCountry "ENG"]
[WhiteElo "1151"]
[WhiteRD "56"]
[BlackElo "1297"]
[BlackRD "73"]
[GameID "442991"]

1. e4 c6 2. d4 d5 3. Nd2 e6 4. Ngf3 Nd7 5. Be2 Ne7 6. O-O Qc7 7. g3 h5 8. h4 g6 9. Ng5 e5 10. Ndf3 Bg7
11. c3 dxe4 12. Nxe4 O-O 13. a3 exd4 14. Bf4 Qd8 15. cxd4 Nd5 16. Bg5 Qe8 17. Bd3 Qe6 18. Kg2 f5 19. Nc3 Nxc3 20. bxc3 Nb6
21. Re1 Qf7 22. Bc2 Nd5 23. Bb3 Qd7 24. c4 Nc7 25. Qd2 f4 26. c5+ Kh8 27. Qd3 Qh3+ 28. Kg1 Kh7 29. Nh2 fxg3 30. fxg3 Bf5
31. Qe3 Rae8 32. Qf4 Rxe1+ 33. Rxe1 Nb5 34. Re7 Nxa3 35. Qf2 Bc8 36. Qxf8 Qxg3+ 37. Kh1 Qxb3 38. Qxg7#
1-0

[Event "Spring Time Tourney"]
[Site "SchemingMind.com"]
[Date "2019.06.30"]
[Round "-"]
[White "Goz"]
[Black "Chessibelle"]
[Result "1-0"]
[WhiteCountry "ENG"]
[BlackCountry "ENG"]
[WhiteElo "1585"]
[WhiteRD "80"]
[BlackElo "1145"]
[BlackRD "58"]
[GameID "442992"]

1. e4 c6 2. d4 d5 3. Nd2 f5 4. e5 e6 5. c3 g6 6. Ndf3 Ne7 7. Bd3 Bg7 8. Nh3 Nd7 9. Nhg5 Nb6 10. b3 O-O
11. Ba3 Re8 12. Bd6 h6 13. Bxe7 Qxe7 14. Nh3 c5 15. Nf4 Qf7 16. dxc5 Nd7 17. Bb5 a6 18. Bxd7 Qxd7 19. O-O Rb8 20. Re1 Qb5
21. Nd4 Qa5 22. b4 Qd8 23. a4 b6 24. Nc6 Qg5 25. Nxb8 Qxf4 26. Nc6 Bb7 27. b5 Rf8 28. g3 Qc4 29. cxb6 Qc5 30. Qd4 Qxd4
31. cxd4
1-0

[Event "Spring Time Tourney"]
[Site "SchemingMind.com"]
[Date "2019.06.30"]
[Round "-"]
[White "Chessibelle"]
[Black "Goz"]
[Result "0-1"]
[WhiteCountry "ENG"]
[BlackCountry "ENG"]
[WhiteElo "1145"]
[WhiteRD "58"]
[BlackElo "1585"]
[BlackRD "80"]
[GameID "442993"]

1. e4 c6 2. d4 d5 3. Nd2 e6 4. g3 Ne7 5. Ne2 Ng6 6. Bg2 Be7 7. Nf3 dxe4 8. Nd2 e3 9. fxe3 Nd7 10. O-O Nf6
11. Bh3 O-O 12. c3 e5 13. Bg2 Rb8 14. b4 Be6 15. Nf3 Bd5 16. Qc2 Be4 17. Qd1 Qd7 18. a3 exd4 19. exd4 Rfe8 20. Nf4 Nxf4
21. Bxf4 Rbd8 22. Qe1 Bd3 23. Rf2 Bf8 24. Be3 Ng4 25. Qd2 Rxe3 26. Ne5 Nxe5 27. Qxe3 Ng4 28. Qxd3 Nxf2 29. Kxf2 f5 30. Re1 g6
31. Qc4+ Kg7 32. Bf3 h5 33. h4 Re8 34. Rc1 Qc7 35. Bd1 Bd6 36. Kg2 Bxg3 37. Kh3 Bf2 38. Qd3 Re3+
0-1

[Event "Spring Time Tourney"]
[Site "SchemingMind.com"]
[Date "2019.07.07"]
[Round "-"]
[White "grabapawn"]
[Black "Shanks"]
[Result "1-0"]
[WhiteCountry "USA"]
[BlackCountry "ENG"]
[WhiteElo "1475"]
[WhiteRD "51"]
[BlackElo "1274"]
[BlackRD "69"]
[GameID "443150"]

1. e4 c6 2. d4 d5 3. Nd2 e6 4. e5 Ne7 5. Bd3 Qc7 6. Ngf3 c5 7. c3 c4 8. Bc2 Nbc6 9. Ng5 h6 10. Nh3 Bd7
11. g4 g5 12. Nf3 Bg7 13. Nhg1 O-O-O 14. h4 gxh4 15. Rxh4 Kb8 16. Ne2 f6 17. exf6 Bxf6 18. Rh2 Nc8 19. b3 Be7 20. bxc4 Bd6
21. Rh5 Rdf8 22. Ne5 Nxe5 23. dxe5 Bxe5 24. cxd5 Bd6 25. dxe6 Bxe6 26. g5 Bg4 27. Rxh6 Rxh6 28. gxh6 Re8 29. Be3 Ne7 30. Qd2 Nd5
31. Rb1 Nxe3 32. fxe3 Rh8 33. Qd4 Be5 34. Qxg4 Rxh6 35. Qg8+ Qc8 36. Qxc8+ Kxc8 37. Be4 b6 38. Kd2 Rd6+ 39. Kc2 Kc7 40. a4 a5
41. Rb5 Bf6 42. Rh5 Re6 43. Rh7+ Be7 44. Kd3 Rd6+ 45. Nd4 Kd8 46. Kc4 Rd7 47. Nc6+ Ke8 48. Bg6+ Kf8 49. Rf7+ Kg8 50. Nxe7+ Rxe7
51. Rxe7 Kf8 52. Rf7+ Kg8 53. e4
1-0

[Event "Spring Time Tourney"]
[Site "SchemingMind.com"]
[Date "2019.07.04"]
[Round "-"]
[White "Shanks"]
[Black "grabapawn"]
[Result "0-1"]
[WhiteCountry "ENG"]
[BlackCountry "USA"]
[WhiteElo "1297"]
[WhiteRD "73"]
[BlackElo "1503"]
[BlackRD "51"]
[GameID "443151"]

1. e4 c6 2. d4 d5 3. Nd2 Nf6 4. e5 Ne4 5. Nxe4 dxe4 6. c3 Bf5 7. Be3 e6 8. Ne2 Qc7 9. Ng3 Bg6 10. Qc1 Nd7
11. a3 f6 12. Bc4 Kf7 13. O-O fxe5 14. dxe5 Nxe5 15. Bb3 h6 16. Bc2 Ng4 17. Bf4 e5 18. Bd2 Bc5 19. Be1 Raf8 20. Bb3+ Ke7
21. Bd1 e3 22. Bxg4 exf2+ 23. Bxf2 Bxf2+ 24. Rxf2 Qb6 25. Qd2 Rxf2 26. Qxf2 Qxf2+ 27. Kxf2 Rf8+ 28. Kg1 Bd3 29. b4 g6 30. Nh1 h5
31. Bf3 e4 32. Bd1 Rf1#
0-1

[Event "Spring Time Tourney"]
[Site "SchemingMind.com"]
[Date "2019.07.06"]
[Round "-"]
[White "grabapawn"]
[Black "Goz"]
[Result "0-1"]
[WhiteCountry "USA"]
[BlackCountry "ENG"]
[WhiteElo "1453"]
[WhiteRD "54"]
[BlackElo "1619"]
[BlackRD "77"]
[GameID "443152"]

1. e4 c6 2. d4 d5 3. Nd2 e6 4. e5 Bb4 5. c3 Ba5 6. Bd3 Ne7 7. Ngf3 Ng6 8. Nb3 b5 9. Ng5 Bb6 10. Qf3 f6
11. exf6 Qxf6 12. Qg3 Nd7 13. O-O h6 14. Nf3 Ndf8 15. Ne5 Nxe5 16. dxe5 Qe7 17. Kh1 Bd7 18. Be3 O-O-O 19. Bxb6 axb6 20. a4 Kb7
21. a5 Ra8 22. a6+ Rxa6 23. Rxa6 Kxa6 24. Ra1+ Kb7 25. Nd4 Nh7 26. b3 Ng5 27. f3 Ra8 28. Rxa8 Kxa8 29. Nc2 c5 30. Qe1 Kb7
31. f4 Nf7 32. Qa1 g5 33. b4 gxf4 34. Na3 c4 35. Be2 Nxe5 36. Qb1 Kc6 37. Nc2 Kd6 38. Nd4 Qd8 39. h3 Qg8 40. Qa2 Qg3
41. Qa8 Qxc3 42. Qb8+ Ke7 43. Qxb6 Qxb4 44. Qb8 Qe1+ 45. Kh2 Qg3+ 46. Kg1 Nd3 47. Bg4 Qe1+ 48. Kh2 Nf2
0-1

[Event "Spring Time Tourney"]
[Site "SchemingMind.com"]
[Date "2019.07.05"]
[Round "-"]
[White "Goz"]
[Black "grabapawn"]
[Result "1-0"]
[WhiteCountry "ENG"]
[BlackCountry "USA"]
[WhiteElo "1585"]
[WhiteRD "80"]
[BlackElo "1475"]
[BlackRD "51"]
[GameID "443153"]

1. e4 c6 2. d4 d5 3. Nd2 Nf6 4. e5 Ne4 5. Nxe4 dxe4 6. Ne2 Bf5 7. Ng3 Bg6 8. Be2 e6 9. Bh5 Be7 10. Bxg6 hxg6
11. Nxe4 f5 12. Nc5 Bxc5 13. dxc5 Qxd1+ 14. Kxd1 Nd7 15. Be3 Nxe5 16. Ke2 Ke7 17. Bg5+ Kf7 18. Rad1 Rhe8 19. b3 b6 20. f4 Ng4
21. Rd7+ Kg8 22. h4 e5 23. Kf3 e4+ 24. Ke2 bxc5 25. h5 e3 26. hxg6 Nh6 27. Bxh6 gxh6 28. Rxh6 Rad8 29. Rxd8 Rxd8 30. Kxe3 Kg7
31. Rh7+ Kxg6 32. Rxa7 Re8+ 33. Kf3 Re6 34. a4
1-0

[Event "Spring Time Tourney"]
[Site "SchemingMind.com"]
[Date "2019.07.03"]
[Round "-"]
[White "grabapawn"]
[Black "Chessibelle"]
[Result "0-1"]
[WhiteCountry "USA"]
[BlackCountry "ENG"]
[WhiteElo "1503"]
[WhiteRD "51"]
[BlackElo "1151"]
[BlackRD "56"]
[GameID "443154"]

1. e4 c6 2. d4 d5 3. Nd2 Nf6 4. f3 g6 5. c4 e6 6. Bd3 Be7 7. e5 Nh5 8. Nf1 O-O 9. g4 Ng7 10. Ng3 b6
11. N1e2 g5 12. Qc2 Bf6 13. Bxh7+ Kh8 14. exf6 Qxf6 15. h4 gxh4 16. g5 Qxf3 17. Rxh4 Nd7 18. Bg6+ Kg8 19. Bxf7+ Kxf7 20. g6+ Ke8
21. cxd5 cxd5 22. Bg5 Qf2+ 23. Kd2 Rf3 24. Rh8+ Nf8 25. Re1 Rxg3
0-1

[Event "Spring Time Tourney"]
[Site "SchemingMind.com"]
[Date "2019.07.03"]
[Round "-"]
[White "Chessibelle"]
[Black "grabapawn"]
[Result "0-1"]
[WhiteCountry "ENG"]
[BlackCountry "USA"]
[WhiteElo "1151"]
[WhiteRD "56"]
[BlackElo "1503"]
[BlackRD "51"]
[GameID "443155"]

1. e4 c6 2. d4 d5 3. Nd2 Nf6 4. b3 Nbd7 5. Bb2 e6 6. Ngf3 dxe4 7. Ng5 e3 8. fxe3 Be7 9. g3 h6 10. Ngf3 Nb6
11. Bh3 g5 12. Ne5 Nbd7 13. c4 Qc7 14. O-O Nf8 15. a4 Ng6 16. Qf3 Rf8 17. Qe2 h5 18. Qd3 Rg8 19. Bc3 g4 20. Bg2 h4
21. Ne4 hxg3 22. Nxg3 Nh4 23. b4 Nf3+ 24. Nxf3 gxf3 25. Bxf3 Rxg3+ 26. Bg2 Rg6 27. e4 Ng4 28. e5 Qd8 29. c5 Bh4 30. Qf3 Qe7
31. h3 Nh6 32. b5 Nf5 33. bxc6 Rb8 34. a5 bxc6 35. Qxc6+ Bd7 36. Qf3 Rc8 37. Qh5 Rxg2+ 38. Kxg2 Ne3+ 39. Kh1 Bc6+ 40. Kh2 Nxf1+
41. Rxf1 Qg5 42. Qf3 Bxf3
0-1

[Event "Spring Time Tourney"]
[Site "SchemingMind.com"]
[Date "2019.07.07"]
[Round "-"]
[White "Phillip Beckett"]
[Black "grabapawn"]
[Result "1-0"]
[WhiteCountry "ENG"]
[BlackCountry "USA"]
[WhiteElo "1505"]
[WhiteRD "47"]
[BlackElo "1503"]
[BlackRD "51"]
[GameID "443246"]

1. e4 c6 2. d4 d5 3. Nd2 Nf6 4. e5 Ne4 5. Nxe4 dxe4 6. c3 Bf5 7. Ne2 e6 8. Ng3 Bg6 9. Qg4 h5 10. Qg5 Be7
11. Qe3 f5 12. exf6 Bxf6 13. Nxe4 Be7 14. Ng3 h4 15. Qxe6 Bf7 16. Qh3 Nd7 17. Nf5 Bf6 18. Nd6+ Kf8 19. Nxf7 Kxf7 20. Bc4+ Kf8
21. Be3 b5 22. Bb3 Qe7 23. O-O Re8 24. Qf3 Rc8 25. Bg5 Ke8 26. Bxf6 Qxf6 27. Qxf6 Nxf6 28. Rfe1+ Kd8 29. Re6 Rc7 30. Rae1 Re8
31. Rxe8+ Nxe8 32. d5 cxd5 33. Bxd5 Nf6 34. Bf3 g5 35. Rd1+ Ke7 36. h3 a5 37. Re1+ Kf7 38. Re5 b4 39. Rxa5 bxc3 40. bxc3 Rxc3
41. a4 Rc1+ 42. Kh2 Kg6 43. Ra8 g4 44. hxg4 Kg5 45. a5 Kf4 46. a6 Nxg4+ 47. Bxg4 Kxg4 48. a7 Ra1 49. Rg8+
1-0

[Event "Spring Time Tourney"]
[Site "SchemingMind.com"]
[Date "2019.07.06"]
[Round "-"]
[White "Shanks"]
[Black "Phillip Beckett"]
[Result "0-1"]
[WhiteCountry "ENG"]
[BlackCountry "ENG"]
[WhiteElo "1274"]
[WhiteRD "69"]
[BlackElo "1476"]
[BlackRD "49"]
[GameID "443247"]

1. e4 c6 2. d4 d5 3. Nd2 dxe4 4. c3 Nf6 5. Nc4 g6 6. Ne3 Bg7 7. Ne2 O-O 8. Qc2 Nbd7 9. Ng3 Nb6 10. Be2 Nbd5
11. Nxd5 cxd5 12. O-O Bg4 13. Bb5 a6 14. Ba4 b5 15. Bb3 Bd7 16. a3 e6 17. Be3 Rc8 18. Qc1 Ng4 19. Bd2 Qh4 20. h3 Nh6
21. Be3 Nf5 22. Nxf5 gxf5 23. Bf4 Bf6 24. Bg3 Qg5 25. Qxg5+ Bxg5 26. h4 Bh6 27. f4 f6 28. Bd1 Rf7 29. Bh5 Rg7 30. Be1 Be8
31. g3 Bxh5 32. Kg2 Bf3+ 33. Kh2 Rgc7 34. Bd2 Bf8 35. b4 Bd6 36. Rac1 e5 37. dxe5 fxe5 38. fxe5 Bxe5 39. Be3 Rxc3 40. Bc5 Rxc1
41. Rxc1 d4 42. h5 e3 43. Rf1 Bg4
0-1

[Event "Spring Time Tourney"]
[Site "SchemingMind.com"]
[Date "2019.07.06"]
[Round "-"]
[White "Phillip Beckett"]
[Black "Shanks"]
[Result "1-0"]
[WhiteCountry "ENG"]
[BlackCountry "ENG"]
[WhiteElo "1476"]
[WhiteRD "49"]
[BlackElo "1274"]
[BlackRD "69"]
[GameID "443248"]

1. e4 c6 2. d4 d5 3. Nd2 e6 4. exd5 exd5 5. Ngf3 Nf6 6. Bd3 h6 7. O-O Be7 8. c3 Nbd7 9. Re1 O-O 10. Ne5 Nxe5
11. Rxe5 Ng4 12. Re1 Bd6 13. Nf3 Qc7 14. h3 Nf6 15. Be3 Ne4 16. Qc2 f5 17. Nd2 f4 18. Bxe4 dxe4 19. Qxe4 fxe3 20. Qxe3 Bf5
21. g4 Bd7 22. Ne4 Be7 23. Nc5 Bc8 24. Qxe7 Qxe7 25. Rxe7 Rf3 26. Kg2 Rf6 27. Rae1 b5 28. Re8+ Kh7 29. Nd7 Rf7 30. Ne5 Rc7
31. f4 Bb7 32. Rxa8 Bxa8 33. Kg3 Bb7 34. Nd3 a5 35. Nc5 Ba8 36. Kf2 Rc8 37. Re7 b4 38. Ne6 bxc3 39. bxc3 a4 40. Rxg7+ Kh8
41. Rc7 Rb8 42. Nc5 Rb2+ 43. Ke3 Rxa2 44. Rc8+ Kg7 45. Rxa8 a3 46. Nd3 Ra1 47. Nb4 Rh1 48. Rxa3 Rxh3+ 49. Ke4 h5 50. gxh5 Rxh5
51. Nxc6 Rh6 52. Ne5 Re6 53. Ra7+ Kf6 54. Rd7 Re7 55. Rxe7 Kxe7 56. c4
1-0

[Event "Spring Time Tourney"]
[Site "SchemingMind.com"]
[Date "2019.07.06"]
[Round "-"]
[White "Phillip Beckett"]
[Black "Goz"]
[Result "0-1"]
[WhiteCountry "ENG"]
[BlackCountry "ENG"]
[WhiteElo "1476"]
[WhiteRD "49"]
[BlackElo "1585"]
[BlackRD "80"]
[GameID "443249"]

1. e4 c6 2. d4 d5 3. Nd2 dxe4 4. Nxe4 Bf5 5. Ng3 Bg6 6. Nf3 Nd7 7. c3 Ngf6 8. Bd3 Bh5 9. Nxh5 Nxh5 10. O-O e6
11. Qc2 Bd6 12. Re1 O-O 13. Bxh7+ Kh8 14. Bd3 g6 15. Bxg6 fxg6 16. Qxg6 Ndf6 17. g4 Qe7 18. Qh6+ Qh7 19. Qd2 Qg6 20. h3 Nf4
21. Ne5 Bxe5 22. Rxe5 Nxh3+ 23. Kh2 Nxg4+ 24. Kxh3 Nxe5 25. dxe5 Rf3+ 26. Kh2 Raf8 27. Qh6+ Qxh6+ 28. Bxh6 R8f5 29. Kg2 Rxf2+ 30. Kg3 Rxb2
31. Rh1 Kg8
0-1

[Event "Spring Time Tourney"]
[Site "SchemingMind.com"]
[Date "2019.07.06"]
[Round "-"]
[White "Goz"]
[Black "Phillip Beckett"]
[Result "1-0"]
[WhiteCountry "ENG"]
[BlackCountry "ENG"]
[WhiteElo "1585"]
[WhiteRD "80"]
[BlackElo "1476"]
[BlackRD "49"]
[GameID "443250"]

1. e4 c6 2. d4 d5 3. Nd2 dxe4 4. Nxe4 Nf6 5. Nxf6+ exf6 6. Bc4 Be7 7. c3 O-O 8. Ne2 Nd7 9. O-O Nb6 10. Bb3 a5
11. a4 Bg4 12. f3 Be6 13. Bxe6 fxe6 14. Nf4 Qd7 15. Nh5 c5 16. dxc5 Bxc5+ 17. Kh1 Qxd1 18. Rxd1 Rad8 19. Bf4 Nd5 20. Rd2 Nxf4
21. Rxd8 Rxd8 22. Nxf4 Rd6 23. Re1 Bf2 24. Rb1 e5 25. Nh3 Ba7 26. b4 axb4 27. cxb4 Kf7 28. a5 Rd2 29. g3 Bd4 30. Rb3 Rb2
31. Rxb2 Bxb2 32. b5 Bc3 33. a6 bxa6 34. bxa6 Bd4 35. Ng1 Ke6 36. Ne2 Ba7 37. Nc3 Kd7 38. Nb5 Bb6 39. a7 Bxa7 40. Nxa7
1-0

[Event "Spring Time Tourney"]
[Site "SchemingMind.com"]
[Date "2019.07.06"]
[Round "-"]
[White "Phillip Beckett"]
[Black "Chessibelle"]
[Result "1-0"]
[WhiteCountry "ENG"]
[BlackCountry "ENG"]
[WhiteElo "1505"]
[WhiteRD "47"]
[BlackElo "1151"]
[BlackRD "56"]
[GameID "443251"]

1. e4 c6 2. d4 d5 3. Nd2 e6 4. exd5 cxd5 5. Ngf3 Nf6 6. Bd3 g6 7. c3 b6 8. O-O Be7 9. Ne5 O-O 10. Ndf3 Bd6
11. Bh6 Re8 12. Bg5 Be7 13. Re1 Bd6 14. Ng4 Be7 15. Nxf6+ Bxf6 16. Bxf6 Qxf6 17. Qe2 Nd7 18. Ne5 Qg5 19. Nxd7 Bxd7 20. Qe5 f5
21. f4 Qe7 22. Be2 g5 23. Bh5 Rf8 24. fxg5 Qxg5 25. Bf3 Qh4 26. Qg3+
1-0

[Event "Spring Time Tourney"]
[Site "SchemingMind.com"]
[Date "2019.07.06"]
[Round "-"]
[White "Chessibelle"]
[Black "Phillip Beckett"]
[Result "1-0"]
[WhiteCountry "ENG"]
[BlackCountry "ENG"]
[WhiteElo "1151"]
[WhiteRD "56"]
[BlackElo "1505"]
[BlackRD "47"]
[GameID "443252"]

1. e4 c6 2. d4 d5 3. Nd2 dxe4 4. Nxe4 Bf5 5. Ng3 Bg6 6. Bd2 Nf6 7. N3e2 Nbd7 8. h3 e6 9. f3 Qb6 10. b3 Bb4
11. g4 Bxd2+ 12. Qxd2 Nd5 13. c3 e5 14. Nc1 exd4 15. c4 c5 16. Nge2 Ne3 17. Nd3 a5 18. Nef4 O-O-O 19. Be2 Qb4 20. Nxb4 axb4
21. Qb2 Nc2+ 22. Kf2 Nxa1 23. Rxa1 f6 24. Nd5 Ne5 25. a3 Bd3 26. Bd1 Bg6 27. Qa2 Nd3+ 28. Kg2 Rhe8 29. axb4 Ne1+ 30. Kg3 d3
31. Qa8+ Kd7 32. Qxb7+ Ke6 33. Nf4+ Ke5 34. Qc7+ Kd4 35. Qxc5+ Kc3 36. Qa5 d2 37. b5+ Kd4 38. Qb6+ Kc3 39. h4 Rb8 40. Qa5+ Kd4
41. Qxd2+ Kc5 42. b4+ Kb6 43. Qd4+ Kb7 44. Qa7+ Kc8 45. Nd5
1-0

[Event "Spring Time Tourney"]
[Site "SchemingMind.com"]
[Date "2019.07.08"]
[Round "-"]
[White "Mitch The Man"]
[Black "grabapawn"]
[Result "1/2-1/2"]
[WhiteCountry "USA"]
[BlackCountry "USA"]
[WhiteElo "1391"]
[WhiteRD "64"]
[BlackElo "1503"]
[BlackRD "51"]
[GameID "443297"]

1. e4 c6 2. d4 d5 3. Nd2 e6 4. e5 Ne7 5. Ngf3 Nd7 6. Bd3 f6 7. O-O f5 8. Nb3 h6 9. Nc5 Nb6 10. c3 g5
11. h3 g4 12. hxg4 fxg4 13. Nh4 Nf5 14. Ng6 Rg8 15. Nxf8 Kxf8 16. Bxf5 exf5 17. Bxh6+ Kf7 18. e6+ Bxe6 19. Nxe6 Kxe6 20. Qe2+ Kf7
21. Qe5 Rg6 22. Qxf5+ Qf6 23. Qxf6+ Rxf6 24. Bg5 Rg6 25. Bf4 Rh8 26. Be5 Rh7 27. Bf4 Nd7 28. g3 Nf6 29. Kg2 Ne4 30. Rad1 Ng5
31. Rh1 Rxh1 32. Rxh1 Kf6 33. Rh5 Ne4 34. Re5 Nd6 35. Kf1 Rg7 36. Ke2 Nc4 37. Rh5 Nxb2 38. Rh8 Re7+ 39. Be5+ Kf7 40. Rh7+ Ke8
41. Rh8+ Kd7 42. Kf1 Nc4 43. Bf4 a5 44. Bg5 Re8 45. Rh7+ Kc8 46. Rh6 Kb8 47. Bf4+ Ka7 48. Rg6 Ka6 49. Rxg4 b5 50. Rg7 b4
51. cxb4 axb4 52. Rc7 Kb5 53. Rb7+ Ka4 54. Ra7+ Kb5 55. Rb7+ Ka4 56. Ra7+ Kb5 57. Rb7+ Ka4 58. Ra7+ Kb5 59. Rb7+=
1/2-1/2

[Event "Spring Time Tourney"]
[Site "SchemingMind.com"]
[Date "2019.07.08"]
[Round "-"]
[White "grabapawn"]
[Black "Mitch The Man"]
[Result "1-0"]
[WhiteCountry "USA"]
[BlackCountry "USA"]
[WhiteElo "1503"]
[WhiteRD "51"]
[BlackElo "1391"]
[BlackRD "64"]
[GameID "443298"]

1. e4 c6 2. d4 d5 3. Nd2 e6 4. e5 Be7 5. Ngf3 Bb4 6. c3 Ba5 7. Nb3 Bb6 8. Bd3 Ne7 9. Ng5 Nf5 10. g4 O-O
11. gxf5 exf5 12. Qh5 h6 13. h4 Be6 14. Nd2 Qd7 15. Ndf3 Bd8 16. Nxe6 fxe6 17. Rg1 Qf7 18. Qxh6 b5 19. Rg6 Nd7 20. Bd2 Re8
21. O-O-O Nf8 22. Rg3 Rb8 23. Rdg1 Rb7 24. Rxg7+ Qxg7 25. Rxg7+ Rxg7 26. Qh5 Ree7 27. Ng5 Nh7 28. Be2 Nxg5 29. Bxg5
1-0

[Event "Spring Time Tourney"]
[Site "SchemingMind.com"]
[Date "2019.07.08"]
[Round "-"]
[White "Mitch The Man"]
[Black "Shanks"]
[Result "1-0"]
[WhiteCountry "USA"]
[BlackCountry "ENG"]
[WhiteElo "1398"]
[WhiteRD "67"]
[BlackElo "1274"]
[BlackRD "69"]
[GameID "443299"]

1. e4 c6 2. d4 d5 3. Nd2 e6 4. e5 Ne7 5. Ngf3 g6 6. Bd3 Bg7 7. O-O O-O 8. c4 dxc4 9. Bxc4 b5 10. Bb3 a5
11. a3 a4 12. Ba2 Bb7 13. Ne4 Nf5 14. Nc5 Bc8 15. Bg5 Qc7 16. Qd2 h6 17. Bf6 Nd7 18. Bxg7 Kxg7 19. Nxd7 Bxd7 20. Rac1 Rad8
21. Rc5 h5 22. Rfc1 Nh6 23. Qe1 Qb6 24. Qd2 f6 25. exf6+ Rxf6 26. Ne5 Be8 27. Nxc6 Rd6 28. Ne5 Nf5 29. Rc7+ Kg8 30. Qg5 Rf8
31. Nxg6 Bxg6 32. Qxg6+ Ng7 33. Qxg7#
1-0

[Event "Spring Time Tourney"]
[Site "SchemingMind.com"]
[Date "2019.07.08"]
[Round "-"]
[White "Shanks"]
[Black "Mitch The Man"]
[Result "1-0"]
[WhiteCountry "ENG"]
[BlackCountry "USA"]
[WhiteElo "1288"]
[WhiteRD "71"]
[BlackElo "1385"]
[BlackRD "68"]
[GameID "443300"]

1. e4 c6 2. d4 d5 3. Nd2 Be6 4. e5 Bf5 5. c3 Be6 6. Nb3 b6 7. h3 Qc7 8. Nf3 Nd7 9. Bd2 Qb7 10. Be2 O-O-O
11. Ng5 h6 12. Nxe6 fxe6 13. Qc2 Kb8 14. Bg4 Ka8 15. Bxe6 Nb8 16. Bg4 e6 17. Bxe6 Ne7 18. Bg4 g6 19. Bf3 Bg7 20. a4 Rdf8
21. a5 a6 22. axb6 Qxb6 23. Nc5 Re8 24. O-O Rh7 25. Bf4 Rd8 26. e6 a5 27. Bxb8 Rxb8 28. Nd7 Qc7 29. Nxb8 Kxb8 30. Qb3+ Kc8
31. Qa4 Kd8 32. b4 Ke8 33. bxa5 Kf8 34. a6 Qa7 35. Qa5 Kg8 36. Qd8+ Bf8 37. Qa5 Nc8 38. Be2 Rc7 39. Bd3 Kg7 40. Rfe1 Bd6
41. Qa2 Ne7 42. Re3 c5 43. Rf3 c4 44. Rf7+ Kg8 45. Bc2 Rc8 46. Rf3 Rf8 47. Rxf8+ Kxf8 48. Qb1 Kg7 49. Qd1 Bb8 50. Qf3 Nf5
51. Bxf5 gxf5 52. Qxf5 Qe7 53. Qxd5 Kg6 54. Qxc4 Ba7 55. Qd3+ Kg7 56. d5 Qf6 57. Rf1 Kf8 58. c4
1-0

[Event "Spring Time Tourney"]
[Site "SchemingMind.com"]
[Date "2019.07.08"]
[Round "-"]
[White "Mitch The Man"]
[Black "Phillip Beckett"]
[Result "1-0"]
[WhiteCountry "USA"]
[BlackCountry "ENG"]
[WhiteElo "1391"]
[WhiteRD "64"]
[BlackElo "1505"]
[BlackRD "47"]
[GameID "443301"]

1. e4 c6 2. d4 d5 3. Nd2 dxe4 4. Nxe4 Nd7 5. Nf3 Ngf6 6. Nxf6+ Nxf6 7. Bd3 Bg4 8. O-O e6 9. Bf4 Bd6 10. Bxd6 Qxd6
11. Be2 O-O 12. h3 Bxf3 13. Bxf3 Rac8 14. Re1 c5 15. Bxb7 Rb8 16. Bf3 cxd4 17. Rb1 e5 18. Qd3 Nd7 19. a3 Nc5 20. Qd1 Na4
21. Qc1 f5 22. g3 e4 23. Bg2 Rfc8 24. Qd1 Rxb2 25. Rxb2 Nxb2 26. Qb1 Nc4 27. Qb3 Qxa3 28. Qb7 Qc5 29. Qb3 Qd5 30. Qa4 Qb7
31. Qa2 Qb2 32. Qa6 Rc7 33. Qe6+ Kf8 34. Qxf5+ Kg8 35. Qxe4 Qb8 36. Qd5+ Kf8 37. Qxd4 Nb6 38. Qd6+ Kg8 39. Bc6 Rc8 40. Qe6+ Kh8
41. Re2 Rd8 42. Kh2 Qc8 43. Qe8+ Rxe8 44. Rxe8+ Qxe8 45. Bxe8 Kg8 46. Bc6 Kf8 47. Bb5 Ke7 48. c4 Kd6 49. f4 Kc5 50. Kg2 Nxc4
51. Bxc4 Kxc4 52. Kf2 a5 53. Ke3 a4 54. Kd2 a3 55. Kc2 Kd4 56. g4 Ke4 57. f5 Kf4 58. Kb3 Kg3 59. Kxa3 Kxh3 60. g5 Kg4
61. f6 h5 62. fxg7 Kxg5 63. g8=Q+ Kh4 64. Qg6
1-0

[Event "Spring Time Tourney"]
[Site "SchemingMind.com"]
[Date "2019.07.08"]
[Round "-"]
[White "Phillip Beckett"]
[Black "Mitch The Man"]
[Result "0-1"]
[WhiteCountry "ENG"]
[BlackCountry "USA"]
[WhiteElo "1505"]
[WhiteRD "47"]
[BlackElo "1391"]
[BlackRD "64"]
[GameID "443302"]

1. e4 c6 2. d4 d5 3. Nd2 a6 4. exd5 cxd5 5. Ngf3 e6 6. Bd3 Bd6 7. c3 Ne7 8. O-O O-O 9. Re1 Bd7 10. Nf1 Bc6
11. Ne5 Bxe5 12. Rxe5 Ng6 13. Re1 b5 14. Ng3 Nd7 15. Be3 Nf6 16. Qc2 Ne4 17. Nxe4 dxe4 18. Bxe4 Bxe4 19. Qxe4 Rb8 20. f4 Rb6
21. f5 exf5 22. Qxf5 Rf6 23. Qc2 Re8 24. Bg5 Rxe1+ 25. Rxe1 Rf1+ 26. Kxf1 Qxg5 27. Qe2 Qf4+ 28. Kg1 h6 29. Rf1 Qb8 30. Qf3 Qe8
31. Qf2 Qd7 32. Qf5 Qe7 33. Qc8+ Nf8 34. d5 Qe3+ 35. Kh1 Qe2 36. Kg1 Qe3+ 37. Kh1 Qe2 38. Qf5 f6 39. Qf2 Qc4 40. Qf5 Qe2
41. d6 Nd7 42. Qe6+ Qxe6
0-1